Continental shelves
-д хадгалсан:
| Үндсэн зохиолчид: | , |
|---|---|
| Формат: | Ном |
| Хэл сонгох: | англи |
| Хэвлэсэн: |
Amsterdam
Elsevier
1988
|
| Цуврал: | Ecosystems of the world, 27
|
| Нөхцлүүд: | |
| Шошгууд: |
Шошго нэмэх
Шошго байхгүй, Энэхүү баримтыг шошголох эхний хүн болох!
|
MARC
| LEADER | 00000nam a2200000 a 4500 | ||
|---|---|---|---|
| 001 | UCV4974 | ||
| 003 | CL-VaPUC | ||
| 008 | 911127e19880000NE |||||||||||||||||eng|d | ||
| 082 | 0 | 4 | |a 577.7 |b POS |2 21 |
| 100 | 0 | |a Postma, Hendrik |e author |9 299178 | |
| 700 | 0 | |a Zijlstra, Jenne J |e author |9 299179 | |
| 245 | 1 | 0 | |a Continental shelves |
| 300 | |a 421 p | ||
| 942 | |c BK | ||
| 945 | |d 19911127 00:00:00 | ||
| 260 | |a Amsterdam |b Elsevier |c 1988 | ||
| 650 | 0 | |a Ecología marina |9 259946 | |
| 650 | 7 | |a PLATAFORMA CONTINENTAL |2 CL-VaPUC |9 255443 | |
| 583 | |a last modification |c 19911127 00:00:00 |k Rodrigo Vera | ||
| 490 | 0 | |a Ecosystems of the world, 27 | |
| 999 | |c 211588 |d 211586 | ||
| 952 | |0 0 |1 0 |2 ddc |4 0 |6 577_700000000000000_POS_1988 |7 0 |8 CCM |9 191262 |a BIBCUR |b BIBCUR |c PAC |d 2019-11-14 |i 2588919 |o 577.7 POS 1988 |p 2588919 |r 2025-04-22 |w 2019-11-14 |y BK |k CIM | ||